The cricket in Times Square (Record no. 202)

MARC details
000 -LEADER
fixed length control field 00945nam a22002897a 4500
001 - CONTROL NUMBER
control field 202
003 - CONTROL NUMBER IDENTIFIER
control field FISKH
005 - DATE AND TIME OF LATEST TRANSACTION
control field 20230303154743.0
008 - FIXED-LENGTH DATA ELEMENTS--GENERAL INFORMATION
fixed length control field 230303b cb ||||| |||| 00| 0 eng d
040 ## - CATALOGING SOURCE
Original cataloging agency DLC
Transcribing agency DLC
Modifying agency DLC
-- FISKH
Language of cataloging eng
050 00 - LIBRARY OF CONGRESS CALL NUMBER
Classification number PZ7.T37154
Item number Cr 1960
082 00 - DEWEY DECIMAL CLASSIFICATION NUMBER
Classification number 815.54
Edition number 20
100 1# - MAIN ENTRY--PERSONAL NAME
Personal name Selden, George,
Dates associated with a name 1929-1989.
245 14 - TITLE STATEMENT
Title The cricket in Times Square
Statement of responsibility, etc. [by] George Selden [pseud.] Illustrated by Garth Williams.
260 ## - PUBLICATION, DISTRIBUTION, ETC.
Place of publication, distribution, etc. New York
Name of publisher, distributor, etc. Square Fish
Date of publication, distribution, etc. 2008
300 ## - PHYSICAL DESCRIPTION
Extent 132 p.
Other physical details ill.
Dimensions 20 cm.
505 ## - FORMATTED CONTENTS NOTE
Formatted contents note M
520 ## - SUMMARY, ETC.
Summary, etc. The adventures of a country cricket who unintentionally arrives in New York and is befriended by Tucker Mouse and Harry Cat.
521 8# - TARGET AUDIENCE NOTE
Target audience note 780 <br/>
Source Lexile
521 8# - TARGET AUDIENCE NOTE
Target audience note M <br/>
Source Raz-Plus
650 #1 - SUBJECT ADDED ENTRY--TOPICAL TERM
Topical term or geographic name entry element Crickets
Form subdivision Fiction.
650 #1 - SUBJECT ADDED ENTRY--TOPICAL TERM
Topical term or geographic name entry element Mice
Form subdivision Fiction.
650 #1 - SUBJECT ADDED ENTRY--TOPICAL TERM
Topical term or geographic name entry element Cats
Form subdivision Fiction.
651 #1 - SUBJECT ADDED ENTRY--GEOGRAPHIC NAME
Geographic name New York (N.Y.)
Form subdivision Fiction.
906 ## - LOCAL DATA ELEMENT F, LDF (RLIN)
a 7
b cbc
c orignew
d u
e ocip
f 19
g y-gencatlg
942 ## - ADDED ENTRY ELEMENTS (KOHA)
Source of classification or shelving scheme Dewey Decimal Classification
Koha item type Books
Suppress in OPAC No
Holdings
Withdrawn status Lost status Source of classification or shelving scheme Damaged status Not for loan Collection Home library Current library Shelving location Date acquired Total Checkouts Full call number Barcode Date last seen Date last checked out Price effective from Koha item type
    Dewey Decimal Classification     Juvenile Fiction Footprints International School Library Network Toul Kork Campus Footprints International School Library Network Toul Kork Campus TK Primary Library Room(4th Floor), Bookcase 5&6, Shelves 33-56, Orange Books 03/03/2023 1 SEL 813.54 PZ10.T3734 FISTK00606 04/29/2026 04/24/2026 03/03/2023 Books